|
|
|
|
| LEADER |
00000cas a2200000 a 4500 |
| 001 |
vtls001464857 |
| 003 |
SK-MaSNL |
| 005 |
20260228161229.0 |
| 008 |
031205u19841984xo qr|p 0 0b0slo |
| 035 |
|
|
|a SNK000420162
|
| 040 |
|
|
|a SNK
|b slo
|c SNK
|e AACR2
|
| 041 |
0 |
|
|a slo
|
| 044 |
|
|
|a xo
|c SK
|
| 072 |
|
7 |
|a 025.3/.4
|x Katalogizácia. Selekčné jazyky
|2 konspekt
|
| 080 |
|
|
|a 025.4.03
|2 2001
|
| 080 |
|
|
|a 050
|2 2001
|
| 080 |
|
|
|a (083.8)
|2 2011
|
| 245 |
0 |
0 |
|a Súpis rešerší vyhotovených ŠVK Zvolen za ... štvrťrok ...
|
| 260 |
|
|
|a Zvolen
|b Ústredná lesnícka a drevárska knižnica SSR
|c [1984]
|
| 300 |
|
|
|a zv.
|
| 310 |
|
|
|a 4x ročne
|
| 362 |
0 |
|
|a [1984]
|
| 650 |
0 |
7 |
|a rešerše
|2 SNKPH
|9 1536
|
| 655 |
|
7 |
|a súpisy
|2 SNKPH
|9 70480
|
| 850 |
|
|
|a Slovenská národná knižnica v Martine
|
| 910 |
|
|
|a snk
|
| 999 |
|
|
|c 4745
|d 6675
|
| 952 |
|
|
|0 0
|1 0
|4 0
|7 0
|a SNK
|b SNK
|d 2003-12-05
|i snkKSP 9941/85
|l 0
|o snkČSB 2225/1985(1984)
|p 17A0406202
|r 2005-01-02 00:00:00
|w 2026-02-21
|y PREZ
|